000 01302nem0a2200313 4500
001 RU\NLR\BIBL_A\010877317
005 20250624193841.0
010 _a978-5-98008-1256
021 _aRU
_b15-194
035 _a(NLR Aleph) 010877317
090 _a10487152
_c10487152
100 _a20151028d2015 |||y0rusy50 ca
101 0 _arus
102 _aRU
120 _abaa xx||
123 1 _a100000
200 1 _aАтлас Хабаровского края
_bКарты
_fСост. и подгот. к изд. ОАО ДАГП в 2015 г.
_gГл. ред. Т.Н. Гайфулина
_hЧасть I
206 _a1:100000, 1 км в 1 см
210 _aХабаровск
_cДАГП
_d2015
215 _a1 атл. (171 с.)
_cцв., сб. л., ил., текст, указ.
_d30х21 см
225 1 _aДальневосточный федеральный округ
509 0 1 _7ca
_aХабаровский
_hкрай
_92633491
_3RU\NLR\auth_crt\55314
607 _aХабаровский край
_jАтласы
_xГеография
_91755105
_3RU\NLR\AUTH\66786637
608 _aОбщегеографические атласы
_92204065
_3RU\NLR\AUTH\661324303
702 1 _aГайфулина
_bТ.Н.
_4340
852 _aNLR
_bК
_j4-ДВ 6/611
_m15-194
_t15-194а
942 _cMAP
980 _aNB